Event power: how global events manage and manipulate

Guardat en:
Dades bibliogràfiques
Autor principal: ROJEK, Chris
Format: Llibre
Idioma:anglès
Publicat: Sage Publications, 2013.
Etiquetes: Afegir etiqueta
Sense etiquetes, Sigues el primer a etiquetar aquest registre!

MARC

LEADER 00000nam a22000007a 4500
008 210126b ||||| |||| 00| 0 eng d
020 |a 978-0-85702-518-0 
100 |a ROJEK, Chris. 
245 |a Event power:   |b how global events manage and manipulate  |c Chris Rojek.   |g xiii, 202p. 
260 |b Sage Publications,   |c 2013.  |h Los Angeles:   |i 693455   |i 693456  |l GT3405 .R63  |m Special events – Management.   |m Special events – Political aspects.   |m Power (Social Sciences).  |m Social control. 
500 |a “It includes references and index”. 
942 |a lcc  |c BK  |e Adeniran, F. A  |f 26/01/2021 
952 |0 0  |1 0  |2 lcc  |4 0  |6 GT3405 R63  |7 0  |9 1915  |a HOL  |b HOL  |c GJ  |d 2021-01-26  |l 0  |o GT3405 .R63  |p 2021-5780  |r 2021-01-26 00:00:00  |w 2021-01-26  |y BK 
952 |0 0  |1 0  |2 lcc  |4 0  |6 GT3405 R63  |7 0  |9 1919  |a HOL  |b SSL  |c GJ  |d 2021-01-26  |l 0  |o GT3405 .R63  |p 2021-5783  |r 2021-01-26 00:00:00  |w 2021-01-26  |y BK 
999 |c 1010  |d 1010